000 00616nam a22002297a 4500
003 UA-OsUOA
001 71135
007 ta
008 20101005b un ||||| |||| 00| 0 ukr d
100 _aИншаков О.
700 _aФролов Д.
090 _a330
_bИ74
942 _cSA
040 _aUA-OsUOA
_brus
_cUA-OsUOA
_dUA-OsUOA
245 _aЭволюционная перспектива экономического институционализма
300 _aС.63-78
955 _a0
041 _arus
080 _a330
773 0 _w71133
650 7 _a330 Економіка взагалі
_2UDC
999 _c357407
_d357407